000 00851nab a2200253 u 4500
001 17541
003 HDC
007 cr bn ---aaaaa
008 210223c mydr|noo 0 a may d
040 _aHDC
100 _aNik Yahya Abdul Rahman
_eauthor
_916878
245 0 _aSwasta pemangkin pembangunan pertanian/
_cby Nik Yahya Abdul Rahman
260 _aMalaysia :
_bBerita Harian,
_c2002
336 _atext
_2rdacontent
337 _acomputer
_2rdamedia
338 _aonline resource
_2rdacarrier
650 _aagriculture industry
_92340
650 _amodern technology
_916879
710 _aBerita Harian
856 _zRequest full-text at [email protected]
942 _2lcc
942 _cNEWS
942 _kNWSO 008695
999 _c14857
_d14857